[Event "Dresden Post"]
[Site "Dresden"]
[Date "1986.??.??"]
[Round "?"]
[White "Kalinitschew, Sergey"]
[Black "Starck, Bodo"]
[Result "1-0"]
[WhiteElo "2410"]
[BlackElo "2325"]

1.c4 c6 2.e4 d5 3.exd5 cxd5 4.cxd5 Nf6 5.Nc3 Nxd5 6.Nf3 Nc6 7.d4 Bg4 8.Qb3 Bxf3
9.gxf3 Nb6 10.Be3 e6 11.O-O-O Be7 12.d5 exd5 13.Bxb6 Qxb6 14.Qxb6 axb6 15.Nxd5 Rxa2
16.Kb1 Ra5 17.Bb5 Kf8 18.Nxe7 Kxe7 19.Rhe1+ Kf6 20.Rd6+ Kf5 21.Bxc6 bxc6
22.Re7 f6 23.Rxc6 Rd8 24.Rxb6 Rd1+ 25.Kc2 Rf1 26.Re2 Rh1 27.Rb7 Kg6 28.Ree7 Rxh2
29.Rxg7+ Kf5 30.Kd3 Rxf2 31.Ke3 Rf1 32.Ke2 Rb1 33.Rxh7 Ra2 34.Rb5+ Kg6 35.Rhb7 Rh1
36.Ke3 Raa1 37.R7b6 Rae1+ 38.Kf4 Rh4+ 39.Kg3 Reh1 40.Rc6 R1h3+ 41.Kf2 Rf4
42.Rc3 Rh1 43.Ke3 Rfh4 44.Rb6 Re1+ 45.Kf2 Rb1 46.Kg3 Rh5 47.Rc4 Rg5+ 48.Kf2 Rh5
49.Rg4+ Rg5 50.Rgb4 Rc5 51.R6b5 Rg5 52.Rb8 Rc5 53.R4b5 Rc4 54.R8b6 Rc2+ 55.Kg3 Rg1+
56.Kf4 Rc4+ 57.Ke3 Re1+ 58.Kf2 Rb1 59.Rb8 Rc2+ 60.Kg3 Rg1+ 61.Kf4 Rc4+ 62.Ke3 Re1+
63.Kf2 Rb1 64.Rg8+ Kf7 65.Rg2 Rd4 66.Ke3 Rh4 67.Rb7+ Ke6 68.Re2 Kf5 69.Rb5+ Kg6
70.Rg2+ Kf7 71.Kd2 Rf4 72.Rb7+ Ke6 73.Ke3 Rh4 74.Rgg7 Re1+ 75.Kf2 Rd1 76.Rb6+ Rd6
77.Rgb7 Rd4 78.Rxd6+ Rxd6 79.Ke3 Rd5 80.Rb4 Kf5 81.Rf4+ Kg5 82.Rg4+ Kf5 83.b4 Rd1
84.Rc4 Re1+ 85.Kd4  1-0

[Event "FRA-ch"]
[Site "Epinal"]
[Date "1986.??.??"]
[Round "5"]
[White "Manouck, Thierry"]
[Black "Grimberg, Gilbert"]
[Result "1/2-1/2"]
[WhiteElo "2320"]
[BlackElo "2250"]

1.c4 c6 2.Nf3 d5 3.b3 Bg4 4.e3 e6 5.Be2 Nd7 6.O-O Ngf6 7.Bb2 Bd6 8.d3 O-O
9.Nbd2 Qe7 10.Re1 Rfd8 11.a3 Rac8 12.b4 Bb8 13.Rc1 a6 14.Qb3 b5 15.Qc2 Nb6  1/2-1/2

[Event "Wch U20"]
[Site "Gausdal"]
[Date "1986.??.??"]
[Round "8"]
[White "Puri, Vinny"]
[Black "Litvinchuk, John"]
[Result "0-1"]
[WhiteElo "2330"]
[BlackElo "2285"]

1.c4 c6 2.d4 d5 3.Nf3 Nf6 4.Nc3 dxc4 5.a4 Bf5 6.e3 e6 7.Bxc4 Bb4 8.O-O O-O
9.Nh4 Bg4 10.f3 Bh5 11.g4 Bg6 12.Nxg6 hxg6 13.e4 Nbd7 14.Na2 Be7 15.b4 a5
16.b5 c5 17.dxc5 Bxc5+ 18.Kg2 Ne5 19.Be2 Qb6 20.Bb2 Rfd8 21.Qc2 Bd4 22.Bxd4 Rxd4
23.Rfd1 Rad8 24.Rxd4 Rxd4 25.Rd1 g5 26.Rxd4 Qxd4 27.Qc3 Qxa4 28.Qxe5 Qxa2
29.Kf2 a4 30.Qb8+ Kh7 31.Qxb7 a3 32.Qxf7 Qd2 33.e5 Ng8 34.Qa7 a2 35.Qa4 Qb2
36.Qe4+ Kh8 37.b6 a1=Q 38.b7 Qb6+ 39.Kg3 Qe1+ 40.Kh3 Qh4+  0-1

[Event "Bundesliga 8586"]
[Site "Germany"]
[Date "1986.??.??"]
[Round "?"]
[White "Raupp, Thomas"]
[Black "Weidemann, Joerg"]
[Result "1/2-1/2"]
[WhiteElo "2275"]
[BlackElo "2265"]

1.c4 c6 2.Nf3 Nf6 3.d4 d5 4.e3 e6 5.Bd3 Nbd7 6.Nbd2 dxc4 7.Nxc4 b5 8.Nce5 Bb7
9.O-O Nxe5 10.Nxe5 Bd6 11.f4 O-O 12.Qf3 Rc8 13.Bd2 Ba8 14.Qe2 c5 15.Bxb5 cxd4
16.exd4 Rc2 17.Bd3 Rxb2 18.Nc4 Rb8 19.Nxd6 Qxd6 20.Be3 Rfd8 21.Rfd1 Be4 22.Bc4 Rbc8
23.Rac1 Bd5 24.f5 Bxc4 25.Rxc4 Rxc4 26.Qxc4 Nd5 27.Bg5 Nb6 28.Qb3 Qxd4+ 29.Be3 Qd5
30.fxe6 Qxe6 31.Rb1 Qg6 32.Rd1 Rc8 33.a4 h5 34.a5 Rc2 35.Bf2 Nc8 36.a6 Kh7
37.h3 Nb6 38.Qf3 Ra2 39.Bxb6 Qxb6+ 40.Kh1 Rxa6 41.Qxf7 Qg6 42.Qf3 Rf6 43.Qa8 Rf7
44.Qd5 Rf5 45.Qa8 a5 46.Rd8 Rf1+ 47.Kh2 Qf5 48.Rh8+ Kg6 49.Qe8+ Qf7 50.Qe4+ Qf5
51.Qe8+ Qf7 52.Qe4+  1/2-1/2

[Event "FRG-qual Sued"]
[Site "Germany"]
[Date "1986.??.??"]
[Round "?"]
[White "Sieglen, Joachim"]
[Black "Roeder, Frank"]
[Result "1/2-1/2"]
[WhiteElo "2365"]
[BlackElo "2325"]

1.c4 c6 2.e4 d5 3.cxd5 cxd5 4.exd5 Nf6 5.Nc3 Nxd5 6.d4 Nc6 7.Nf3 Bg4 8.Qb3 Bxf3
9.gxf3 e6 10.Qxb7 Nxd4 11.Bb5+ Nxb5 12.Qxb5+ Qd7 13.Qxd7+ Kxd7 14.Nxd5 exd5
15.Be3 Bb4+ 16.Ke2 Rhc8 17.Rac1 a6 18.Rhd1 Rxc1 19.Rxc1 Rc8 20.Rxc8 Kxc8  1/2-1/2

[Event "Havana-B"]
[Site "Havana"]
[Date "1986.??.??"]
[Round "?"]
[White "Filguth, Rubens A"]
[Black "Vilela, Jose Luis"]
[Result "1-0"]
[WhiteElo "2405"]
[BlackElo "2410"]

1.c4 c6 2.d4 d5 3.cxd5 cxd5 4.Nc3 Nc6 5.Bf4 Nf6 6.e3 e6 7.Bd3 Be7 8.h3 Bd7
9.Nf3 Rc8 10.Rc1 Qb6 11.Qd2 O-O 12.O-O Na5 13.Ne5 Be8 14.Nxd5 Nxd5 15.Rxc8 Bb4
16.Qc2 Nxf4 17.Bxh7+ Kh8 18.Rxe8  1-0

[Event "NLD-ch"]
[Site "Hilversum"]
[Date "1986.??.??"]
[Round "1"]
[White "Douven, Rudy C"]
[Black "Kuijf, Marinus"]
[Result "0-1"]
[WhiteElo "2380"]
[BlackElo "2420"]

1.c4 c6 2.e4 d5 3.exd5 cxd5 4.cxd5 Nf6 5.Bb5+ Nbd7 6.Nc3 a6 7.Bxd7+ Qxd7
8.Qb3 b5 9.a4 b4 10.Qxb4 e5 11.Qb3 Qg4 12.Nge2 Qxg2 13.Rg1 Qxh2 14.Qb6 Bd7
15.d4 Rc8 16.Be3 Ng4 17.dxe5 Qxe5 18.Bd4 Qb8 19.a5 Ne5 20.Bxe5 Qxe5 21.Qxa6 Bc5
22.Qd3 O-O 23.Qg3 Qf6 24.Rd1 Rfe8 25.Rd3 g6 26.Rf3 Qe7 27.Qg5 Rb8 28.Qd2 Qd6
29.Rgg3 Bb4 30.Kf1 Bxa5 31.Qh6 Qf8 32.Qf4 Rb4 33.Qc1 Rh4 34.Kg1 Bd8 35.Nf4 Qh6
36.Kf1 Bc7 37.Ne4 Bb5+ 38.Rd3 Bxd3+ 39.Nxd3 Qxc1+ 40.Nxc1  0-1

[Event "ISR-ch"]
[Site "?"]
[Date "1986.??.??"]
[Round "?"]
[White "Rechlis, Gad"]
[Black "Grinberg, Nir"]
[Result "1/2-1/2"]
[WhiteElo "2415"]
[BlackElo "2415"]

1.c4 c6 2.Nf3 d5 3.e3 Nf6 4.Nc3 g6 5.d4 Bg7 6.Bd3 O-O 7.O-O Bg4 8.h3 Bxf3
9.Qxf3 e6 10.b3 Nbd7 11.Bb2 Re8 12.Rad1 Qe7 13.Qe2 dxc4 14.Bxc4 b5 15.Bd3 a6
16.a4 Qb4 17.Qc2 Rac8 18.Ra1 c5 19.axb5 cxd4 20.Ra4 Rxc3 21.Rxb4 Rxc2 22.Bxc2 Nd5
23.Ra4 axb5 24.Ra7 Ne5 25.Bxd4 Nc6 26.Rb7 Bxd4 27.exd4 Nxd4 28.Bd3 Nxb3 29.Bxb5 Rd8
30.Rd1 Nc5 31.Ra7 Ne4 32.Bc6 Kg7 33.Bxd5 Nc3 34.Re1 Rxd5 35.Rxe6 Rf5 36.Re1 Rf6
37.g3 h5 38.h4 Nb5 39.Rb7 Nd4 40.Kg2 Nf5 41.Reb1 Rc6 42.R1b2  1/2-1/2

[Event "DSV-Turnier"]
[Site "Leipzig"]
[Date "1986.??.??"]
[Round "7"]
[White "Uhlmann, Wolfgang"]
[Black "Tischbierek, Raj"]
[Result "1/2-1/2"]
[WhiteElo "2510"]
[BlackElo "2425"]

1.c4 c6 2.d4 d5 3.Nc3 Nf6 4.Nf3 dxc4 5.a4 Bf5 6.e3 e6 7.a5 Bd3 8.Bxd3 cxd3
9.Qb3 Na6 10.O-O Bb4 11.Ra4 Qe7 12.e4 Bxc3 13.bxc3 Nxe4 14.Ba3 Qc7 15.Re1 Nf6
16.Ne5 d2 17.Rd1 O-O-O 18.Rxd2 Rd5 19.Rb2 Rb5 20.Qc2 Rxb2 21.Bxb2 Rd8 22.Qe2 Rd5
23.g3 Rxa5 24.Rxa5 Qxa5 25.Nxf7 Nc7 26.Nd6+ Kb8 27.c4 Qb4 28.c5 Qb3 29.Nc4 h5  1/2-1/2

[Event "Lisboa"]
[Site "Lisboa"]
[Date "1986.??.??"]
[Round "?"]
[White "Sequeira, Joao F A"]
[Black "Galego, Luis"]
[Result "0-1"]
[WhiteElo "2310"]
[BlackElo "2330"]

1.c4 c6 2.d4 d5 3.cxd5 cxd5 4.Nf3 Nc6 5.Nc3 Nf6 6.Bf4 g6 7.e3 Nh5 8.Bg5 h6
9.Bh4 g5 10.Bg3 Nxg3 11.hxg3 Bg7 12.Qb3 e6 13.Rc1 O-O 14.Bd3 Bd7 15.O-O Qe7
16.a3 Rac8 17.Nd2 f5 18.f4 gxf4 19.gxf4 Nxd4 20.Qxb7 Rb8 21.Qxa7 Nc6 22.Qa6 Rxb2
23.Ncb1 Nb8 24.Qa7 Qf6 25.Rc7 Rf7 26.Rfc1 Qg6 27.Rb7 Nc6 28.Qa8+ Rf8 29.Qa6 Nb8
30.Qa7 Rxb7 31.Qxb7 d4 32.Qf3 Kh8 33.e4 Rg8 34.e5 Qe8 35.Kf2 Bc6 36.Qh3 Bf8
37.Nf3 Bd5 38.Ng5 Nc6 39.Nd2 Nxe5 40.Bxf5 exf5 41.Qxf5 Ng6 42.Qxd5 Qe3+ 43.Kf1 hxg5
44.Nb3 Qxf4+ 45.Kg1 Bg7 46.Rf1 Qe3+ 47.Kh1 d3 48.Nc5 d2 49.Ne4 g4 50.Nxd2 Be5
51.Rf5 Qh6+ 52.Kg1 Re8 53.Nf1 Nf4 54.Rxe5 Nxd5 55.Rxe8+ Kg7 56.Re5 Qb6+ 57.Kh1 Qf2
58.Rxd5 Qxf1+ 59.Kh2 Qf4+  0-1

[Event "GLC Masters"]
[Site "London"]
[Date "1986.??.??"]
[Round "8"]
[White "Arkell, Keith C"]
[Black "Mannion, Stephen R"]
[Result "1/2-1/2"]
[WhiteElo "2375"]
[BlackElo "2260"]

1.c4 c6 2.b4 d5 3.e3 Bf5 4.Bb2 e6 5.f4 Nf6 6.a3 Be7 7.Nf3 O-O 8.Be2 h6 9.O-O Nbd7
10.Ne5 Nxe5 11.fxe5 Nd7 12.d4 Bg5 13.Qb3 dxc4 14.Bxc4 Nb6 15.Be2 Qd5 16.Nd2 Qxb3
17.Nxb3 Bxe3+ 18.Kh1 Rfd8 19.Rf3 Bg5 20.Rff1 Rab8 21.a4 Nd5 22.b5 Ne3 23.Rf2 Nc2
24.Rd1 Ne3 25.Ra1 Ng4 26.Bxg4 Bxg4 27.Raf1 Bh5 28.Ba3 Be3 29.Ra2 Rd5 30.Bc5 cxb5
31.Re1 Bg5 32.a5 a6 33.g3 Bf3+ 34.Kg1 Rd7 35.Bd6 Re8 36.Nc5 Rdd8 37.Rc2 Be7
38.Bxe7 Rxe7 39.Kf2 Bd5 40.Rec1 f6 41.exf6 Rf8 42.Ke3 Rxf6 43.Ne4 Rf8 44.Rc7 Rxc7
45.Rxc7 Rf1 46.Nc5 b4 47.Rc8+ Kh7 48.Nd3 b3 49.Kd2 Rh1  1/2-1/2

[Event "URS-ch sf"]
[Site "Lvov"]
[Date "1986.??.??"]
[Round "87"]
[White "Lisenko, Alexander V"]
[Black "Shabanov, Yuri"]
[Result "0-1"]
[WhiteElo "2370"]
[BlackElo "2405"]

1.c4 c6 2.Nf3 d5 3.b3 Nf6 4.Bb2 Bg4 5.e3 e6 6.Be2 Bd6 7.h3 Bxf3 8.Bxf3 Nbd7
9.O-O O-O 10.d3 Qe7 11.a3 a5 12.Nc3 Rae8 13.Qe2 Ne5 14.e4 dxc4 15.bxc4 Nxf3+
16.Qxf3 e5 17.Nd1 Bc5 18.Ne3 g6 19.a4 Rd8 20.Rfd1 Rd7 21.Rab1 Qe6 22.Bc3 b6
23.g4 h5 24.g5 Nh7 25.h4 f6 26.gxf6 Nxf6 27.Qg3 Re7 28.Qxe5 Qxe5 29.Bxe5 Nxe4
30.d4 Nxf2 31.Rf1 Rxe5 32.dxc5 bxc5 33.Rxf2 Rxe3 34.Rxf8+ Kxf8 35.Rb8+ Kf7
36.Kf2 Re4 37.Ra8 Rxh4 38.Rxa5 Rxc4  0-1

[Event "Minsk Int"]
[Site "Minsk"]
[Date "1986.??.??"]
[Round "?"]
[White "Mikhalchishin, Adrian"]
[Black "Paunovic, Dragan"]
[Result "1-0"]
[WhiteElo "2525"]
[BlackElo "2425"]

1.c4 c6 2.e4 d5 3.exd5 cxd5 4.cxd5 Nf6 5.Nc3 g6 6.Bc4 Bg7 7.Nge2 O-O 8.O-O Nbd7
9.d3 Nb6 10.Qb3 Ne8 11.Ng3 Nd6 12.Bf4 Bf5 13.Nb5 Nbc8 14.Rfe1 a6 15.Nxd6 Nxd6
16.Nxf5 gxf5 17.Qc2 Bf6 18.Qe2 Rc8 19.Bb3 Rc7 20.Be5 Bxe5 21.Qxe5 f6 22.Qf4 Rf7
23.Re6 Rg7 24.h3 Rd7 25.Rae1 Qa5 26.Kh2 Kf8 27.R1e2 Kg8 28.R6e3 Rc7 29.Rg3 Rg6
30.Ree3 Kf7 31.h4 Rc8 32.Bd1 Rxg3 33.Rxg3 Ke8 34.Bb3 Kd7 35.Qe3 Re8 36.Rg7 Qb4
37.g3 h5 38.Bd1 Nc8 39.Bxh5 Rh8 40.Bf7  1-0

[Event "URS-ch otbor"]
[Site "Minsk"]
[Date "1986.??.??"]
[Round "?"]
[White "Grigorian, Karen Ashotovich"]
[Black "Smagin, Sergey"]
[Result "1/2-1/2"]
[WhiteElo "2405"]
[BlackElo "2495"]

1.c4 c6 2.d4 d5 3.Nf3 Nf6 4.Nc3 e6 5.Bg5 Nbd7 6.cxd5 exd5 7.e3 Be7 8.Bd3 O-O
9.Qc2 Re8 10.O-O Nf8 11.a3 Ng6 12.Rae1 Ne4 13.Bxe7 Qxe7 14.Bxe4 dxe4 15.Nd2 f5
16.f3 exf3 17.Nxf3 Be6 18.e4 fxe4 19.Rxe4 Qd7 20.Ng5 Bd5 21.Ref4 Rf8 22.Rxf8+ Rxf8
23.Rxf8+ Nxf8 24.Nxd5 Qxd5 25.Qc5  1/2-1/2

[Event "Moscow"]
[Site "Moscow"]
[Date "1986.??.??"]
[Round "?"]
[White "Suba, Mihai"]
[Black "Smagin, Sergey"]
[Result "1-0"]
[WhiteElo "2545"]
[BlackElo "2500"]

1.c4 c6 2.e4 d5 3.exd5 cxd5 4.d4 Nf6 5.Nc3 e6 6.Nf3 Bb4 7.cxd5 Nxd5 8.Qc2 Be7
9.a3 Nd7 10.Nxd5 exd5 11.Bd3 Nf6 12.O-O O-O 13.Re1 h6 14.Bf4 Be6 15.Bc7 Qc8
16.Rac1 Ne8 17.Bg3 Qxc2 18.Rxc2 Bd8 19.Nd2 Bf6 20.Nb3 Rd8 21.Nc5 Bc8 22.Be5 Nd6
23.Bxf6 gxf6 24.f3 Rfe8 25.Rxe8+ Rxe8 26.Kf2 Re7 27.Na4 Bf5 28.Bxf5 Nxf5
29.Rd2 Kf8 30.Nc3 Rd7 31.Ne2 Nd6 32.Rc2 Nc4 33.Nf4 Rd6 34.Nxd5 Nxb2 35.Ne3 Nd3+
36.Kg3 Rxd4 37.Nf5 Rd8 38.Rc7 Rb8 39.Nxh6 a5 40.Rxf7+ Ke8 41.Rh7 Rc8 42.Rxb7 Rc3
43.h4 Rxa3 44.h5 Nc5 45.Ra7 Ne4+ 46.Kf4 Nd6 47.g4 Kf8 48.Ra6 Nc4 49.Rxf6+ Kg7
50.g5 Nd2 51.Nf5+ Kg8 52.Ne7+  1-0

[Event "DDR-ch 35th"]
[Site "Nordhausen"]
[Date "1986.??.??"]
[Round "?"]
[White "Uhlmann, Wolfgang"]
[Black "Schurade, Matthias"]
[Result "0-1"]
[WhiteElo "2505"]
[BlackElo "2355"]

1.c4 c6 2.d4 d5 3.Nf3 Nf6 4.Nc3 dxc4 5.a4 Bg4 6.Ne5 Bh5 7.Bg5 Nbd7 8.Nxc4 h6
9.Bh4 e6 10.Qb3 Be7 11.Bg3 O-O 12.e3 c5 13.Qxb7 cxd4 14.exd4 e5 15.Nxe5 Rb8
16.Qc6 Rxb2 17.Nxd7 Bb4 18.Nxf8 Qe8+  0-1

[Event "DDR-ch 35th"]
[Site "Nordhausen"]
[Date "1986.??.??"]
[Round "?"]
[White "Uhlmann, Wolfgang"]
[Black "Tischbierek, Raj"]
[Result "1-0"]
[WhiteElo "2505"]
[BlackElo "2465"]

1.c4 c6 2.d4 d5 3.Nf3 Nf6 4.Nc3 dxc4 5.a4 Bf5 6.e3 e6 7.Bxc4 Bb4 8.O-O Nbd7
9.Qb3 a5 10.Bd2 O-O 11.Ne2 Bxd2 12.Nxd2 Qb6 13.Qa3 Bg6 14.Nf4 Nd5 15.Nxg6 hxg6
16.e4 Nb4 17.Qc3 c5 18.d5 exd5 19.Bxd5 Nxd5 20.exd5 Qd6 21.Nc4 Qxd5 22.Nxa5 Qd4
23.Qxd4 cxd4 24.Nb3 Rfc8 25.Rfd1 Rc2 26.Rab1 Rxa4 27.Nxd4 Rc8 28.Nb5 Nf6
29.Nd6 Rc7 30.h3 Rd7 31.b4 Ra8 32.Nc4 Rxd1+ 33.Rxd1 Rc8 34.Rd4 Kf8 35.g4 Rc7
36.g5 Rd7 37.Rh4 Ne8 38.Re4 f6 39.h4 Rd5 40.Ne3 Rb5 41.f4 Nc7 42.Kf2 Na6
43.Nc2 Nb8 44.Nd4 Rd5 45.h5 gxh5 46.g6 f5 47.Ne6+ Kg8 48.Re3 Rd2+ 49.Kg3 Rd6
50.Kh4 Nd7 51.Kxh5 Rd5 52.Rc3 Nb6 53.Kg5 Rd7 54.Kxf5 Re7 55.Rd3 Re8 56.Kg5 Nc4
57.Rd7 Kh8 58.Nxg7  1-0

[Event "Rome-B"]
[Site "Rome"]
[Date "1986.??.??"]
[Round "?"]
[White "Passerotti, Pierluigi"]
[Black "Sibilio, Mario"]
[Result "1/2-1/2"]
[WhiteElo "2310"]
[BlackElo "2305"]

1.c4 c6 2.d4 d6 3.Nc3 Nf6 4.e4 e5 5.Be2 Qa5 6.Qd3 Na6 7.Nf3 Bg4 8.O-O Bxf3
9.Bxf3 exd4 10.Qxd4 Nc5 11.Bd2 Ne6 12.Qd3 Qe5 13.Rfe1 Be7 14.Ne2 Nd7 15.b3 Qf6
16.Bg4 Ne5 17.Qg3 Nxg4 18.Qxg4 Qg6 19.Qh3 Ng5 20.Bxg5 Qxg5 21.Nd4 g6 22.e5 O-O
23.Qd7 dxe5 24.Nf3 Qf6 25.Nxe5 Bc5 26.Nf3 Qb2 27.Kh1 Bxf2 28.Rf1 Be3 29.Qxb7 c5
30.Rae1 Rae8 31.Qa6  1/2-1/2

[Event "BUL-DDR"]
[Site "Sofia"]
[Date "1986.??.??"]
[Round "1"]
[White "Uhlmann, Wolfgang"]
[Black "Inkiov, Ventzislav"]
[Result "1/2-1/2"]
[WhiteElo "2505"]
[BlackElo "2465"]

1.c4 c6 2.d4 d5 3.Nc3 Nf6 4.Nf3 e6 5.Bg5 dxc4 6.e4 b5 7.e5 h6 8.Bh4 g5 9.Nxg5 Nd5
10.Nf3 Qa5 11.Qd2 Bb4 12.Rc1 Nd7 13.Be2 Bb7 14.O-O c5 15.Rfd1 Rc8 16.Rc2 N7b6
17.dxc5 Na4 18.c6 Bxc6  1/2-1/2

[Event "Szirak"]
[Site "Szirak"]
[Date "1986.??.??"]
[Round "?"]
[White "Smejkal, Jan"]
[Black "Flear, Glenn C"]
[Result "1-0"]
[WhiteElo "2540"]
[BlackElo "2505"]

1.c4 c6 2.Nf3 Nf6 3.d4 d5 4.Nc3 e6 5.Bg5 Nbd7 6.cxd5 exd5 7.e3 Be7 8.Qc2 O-O
9.Bd3 Re8 10.O-O Nf8 11.Rae1 Ne4 12.Bxe7 Qxe7 13.Bxe4 dxe4 14.Nd2 b6 15.Qa4 b5
16.Qa5 Bf5 17.Rc1 Rad8 18.Ne2 Rd6 19.Rc5 Qd7 20.Rfc1 Ng6 21.Ng3 Nh4 22.Nxf5 Nxf5
23.Qc3 Nh4 24.Rxc6 Qg4 25.g3 Rdd8 26.h3 Nf3+ 27.Nxf3 Qxf3 28.Qb3 h5 29.Qd1 Qf5
30.h4 Rd5 31.R1c5 Red8 32.Qb3 g5 33.Qxb5 gxh4 34.Rxd5 Rxd5 35.Qb8+ Kh7 36.Qf8  1-0

[Event "Szirak"]
[Site "Szirak"]
[Date "1986.??.??"]
[Round "?"]
[White "Adorjan, Andras"]
[Black "Flear, Glenn C"]
[Result "0-1"]
[WhiteElo "2560"]
[BlackElo "2505"]

1.c4 c6 2.d4 d5 3.Nf3 Nf6 4.Nc3 dxc4 5.a4 Bg4 6.Ne5 Bh5 7.f3 Nfd7 8.Nxc4 e5
9.Ne4 Bb4+ 10.Bd2 Qe7 11.Bxb4 Qxb4+ 12.Qd2 Qxd2+ 13.Kxd2 exd4 14.Ned6+ Ke7
15.Nxb7 Na6 16.e3 Ndc5 17.Nxc5 Nxc5 18.Na5 dxe3+ 19.Kxe3 Rhe8 20.Bc4 Rad8
21.Kf4 Rd4+ 22.Kg3 Kf6 23.Rhe1 Rxe1 24.Rxe1 Bg6 25.b3 Rd6 26.Re3 Nd7 27.Rc3 Bf5
28.Ba6 Be6 29.Bb7 Ne5 30.Ba6 g5 31.Bb7 h6 32.Re3 Bd7 33.Ba6 Be6 34.Rc3 Bd7
35.Rc5 Ng6 36.Bb7 Rd2 37.Ba6 Nf4 38.Bf1 Nh5+  0-1

[Event "Tirnavia"]
[Site "Trnava"]
[Date "1986.??.??"]
[Round "11"]
[White "Raicevic, Momcilo"]
[Black "Priehoda, Vitezslav"]
[Result "1-0"]
[WhiteElo "2410"]
[BlackElo "2370"]

1.c4 c6 2.Nf3 Nf6 3.d4 d5 4.Qb3 dxc4 5.Qxc4 Bf5 6.Nc3 Nbd7 7.g3 e6 8.Bg2 h6
9.O-O Qb6 10.Nd2 e5 11.d5 c5 12.e4 Bh7 13.Qe2 a6 14.Nc4 Qc7 15.f4 Bd6 16.fxe5 Nxe5
17.Bxh6 gxh6 18.Rxf6 Nxc4 19.Qxc4 O-O-O 20.e5 Bxe5 21.d6 Rxd6 22.Rxf7 Bd4+
23.Kh1 Rd7 24.Nd5 Qd6 25.Rxd7 Kxd7 26.Nf4 Kc8 27.Qb3 Qe7 28.Nd5 Qe2 29.Nb6+ Kd8
30.Qd5+ Ke7 31.Qd7+ Kf6 32.Rf1+ Bf2 33.Nd5+ Ke5 34.Nf4 Qe3 35.Qg7+ Kd6 36.Qxh8 Be4
37.Qxh6+  1-0

[Event "Tirnavia"]
[Site "Trnava"]
[Date "1986.??.??"]
[Round "13"]
[White "Raicevic, Momcilo"]
[Black "Meduna, Eduard"]
[Result "0-1"]
[WhiteElo "2410"]
[BlackElo "2425"]

1.c4 c6 2.Nf3 d5 3.g3 Nf6 4.Bg2 Bg4 5.O-O e6 6.b3 Nbd7 7.Bb2 Bc5 8.d3 O-O
9.Nbd2 Qe7 10.a3 e5 11.b4 Bb6 12.e4 dxe4 13.dxe4 Bd4 14.Bxd4 exd4 15.Qc2 Bxf3
16.Bxf3 c5 17.bxc5 Nxc5 18.Rfe1 Nfd7 19.Bg2 Ne5 20.f4 Ng4 21.Nf1 d3 22.Qd1 Qd7
23.Ne3 Nxe3 24.Rxe3 Qd4 25.Kf2 Rad8 26.e5 d2 27.Bd5 b5 28.Ra2 bxc4  0-1

[Event "Aarhus-D"]
[Site "Aarhus"]
[Date "1987.??.??"]
[Round "6"]
[White "Rendboe, John"]
[Black "Rewitz, Poul"]
[Result "1/2-1/2"]
[WhiteElo "2200"]
[BlackElo "2250"]

1.c4 c6 2.Nc3 d5 3.cxd5 cxd5 4.d4 Nc6 5.Nf3 Nf6 6.Bf4 a6 7.e3 Bg4 8.Be2 e6
9.Ne5 Bxe2 10.Qxe2 Be7 11.O-O O-O 12.Nxc6 bxc6 13.Na4 Nd7 14.Rfc1 Qa5 15.b3 Rfc8
16.Rc2 Ba3 17.Qg4 Qd8 18.Qg3 Qe7 19.Rd1 f6 20.Bc7 Ra7 21.Ba5 Rb7 22.Qg4 Rb5
23.Bd2 Rbb8 24.g3 e5 25.Bc1 Bd6 26.Bb2 Rc7 27.Rdc1 Rbc8 28.Bc3 Ba3 29.Bb2 Bxb2
30.Nxb2 e4 31.Na4 g6 32.Nc5 Nb8 33.Qe6+ Qxe6 34.Nxe6 Rb7 35.Nf4 Re8 36.Rc5 Kf7
37.Kf1 Ke7 38.Ke1 Kd6 39.Kd2 Rb5 40.Ne2 g5 41.g4 Rxc5 42.dxc5+ Kc7 43.h4 Nd7
44.hxg5 fxg5 45.Rh1 Re7 46.Rh6 Rf7 47.Nd4 Ne5 48.Ne6+ Kb8 49.Nxg5 Rxf2+ 50.Kc3 Rxa2
51.Nxh7 Nxg4 52.Rxc6 Re2 53.Rxa6 Rxe3+ 54.Kb4 d4 55.Nf6 Nxf6 56.Rxf6 d3 57.Rd6 Rh3
58.Kc3 Rh5 59.Kd4 Kc7 60.Kxe4 Rxc5 61.Rxd3 Kb6 62.Kd4 Rc8  1/2-1/2

[Event "Aarhus-B"]
[Site "Aarhus"]
[Date "1987.??.??"]
[Round "7"]
[White "Kroll, Ove"]
[Black "Jelling, Erik"]
[Result "1-0"]
[WhiteElo "2305"]
[BlackElo "2200"]

1.c4 c6 2.Nc3 d5 3.d4 Nf6 4.cxd5 cxd5 5.Bf4 Nc6 6.e3 e6 7.Bd3 Be7 8.Nf3 O-O
9.Ne5 Nxe5 10.dxe5 Nd7 11.Qc2 h6 12.Qe2 b6 13.Rd1 Bb7 14.Bb1 Bb4 15.Rg1 f6
16.Qg4 f5 17.Qg6 Qe8 18.Qxe8 Raxe8 19.g4 Kh8 20.h4 Rc8 21.gxf5 exf5 22.Rc1 Rc6
23.a3 Be7 24.h5 Nc5 25.Ne2 Ne4 26.Rxc6 Bxc6 27.Nd4 Be8 28.Rh1 Bd7 29.Ke2 Bc5
30.Ba2 Bxd4 31.exd4 Rc8 32.Bb3 Be6 33.Rg1 Bf7 34.f3 Ng5 35.Bxg5 hxg5 36.Rxg5 Be6
37.h6 gxh6 38.Rg6 Re8 39.Rxh6+ Kg7 40.Rf6 Re7 41.Ke3  1-0

[Event "AUT-ch"]
[Site "Austria"]
[Date "1987.??.??"]
[Round "9"]
[White "Brestian, Egon"]
[Black "Weinzettl, Ernst"]
[Result "1-0"]
[WhiteElo "2335"]
[BlackElo "2310"]

1.c4 c6 2.e4 e5 3.Nf3 d6 4.d4 Bg4 5.dxe5 Bxf3 6.gxf3 dxe5 7.Qxd8+ Kxd8 8.Nc3 Nf6
9.f4 Bb4 10.f3 Nbd7 11.Bd2 exf4 12.Bxf4 Nh5 13.Bd2 Bd6 14.O-O-O Kc7 15.Ne2 Rhe8
16.Kc2 g6 17.b3 a5 18.Bh3 Nc5 19.Be3 b6 20.Ng3 Nxg3 21.hxg3 f5 22.Bxc5 bxc5
23.exf5 a4 24.Bf1 axb3+ 25.axb3 Ra2+ 26.Kb1 Rea8 27.Rxh7+ Kb6 28.Rxd6 Ra1+
29.Kc2 Rxf1 30.fxg6 Ra2+ 31.Kd3 Rd1+ 32.Ke4 Rxd6 33.g7 Rg6 34.g4 Ra8 35.Kf5 Rd6
36.Rh8 Rdd8 37.Rxd8 Rxd8 38.Kg6 Ka5 39.f4 Kb4 40.f5 Kxb3 41.f6  1-0

[Event "FRG-ch"]
[Site "Bad Neuenahr"]
[Date "1987.??.??"]
[Round "?"]
[White "Sehner, Norbert"]
[Black "Franke, Heribert"]
[Result "1/2-1/2"]
[WhiteElo "2365"]
[BlackElo "2365"]

1.c4 c6 2.d4 d5 3.Nc3 Nf6 4.e3 g6 5.Nf3 Bg7 6.Be2 O-O 7.O-O Nbd7 8.h3 Re8
9.cxd5 cxd5 10.Qb3 e6 11.Bd2 Ne4 12.Rfd1 Qb6 13.Qxb6 Nxb6 14.Nb5 Nxd2 15.Rxd2 Rd8
16.a4  1/2-1/2

[Event "Bath zt"]
[Site "Bath"]
[Date "1987.??.??"]
[Round "?"]
[White "McNab, Colin Anderson"]
[Black "Hodgson, Julian M"]
[Result "1-0"]
[WhiteElo "2415"]
[BlackElo "2520"]

1.c4 c6 2.Nf3 d5 3.b3 Bg4 4.Bb2 Bxf3 5.gxf3 Nd7 6.cxd5 cxd5 7.d4 e6 8.Nc3 Rc8
9.Qd2 Ne7 10.O-O-O Qa5 11.Kb1 Nc6 12.e4 Nf6 13.Rg1 h6 14.Qe3 a6 15.exd5 Nxd5
16.Nxd5 Qxd5 17.Bc4 Qf5+ 18.Qe4 Qxe4+ 19.fxe4 Nd8 20.d5 b5 21.Be2 Rg8 22.a4 Rb8
23.axb5 axb5 24.Be5 Rb7 25.Bf6 g6 26.dxe6 Nxe6 27.Rd5 Be7 28.Rxb5 Rxb5 29.Bxb5+ Kf8
30.e5  1-0

[Event "Bayern-ch"]
[Site "Bayern"]
[Date "1987.??.??"]
[Round "?"]
[White "Wachinger, Guenther"]
[Black "Roeder, Frank"]
[Result "1/2-1/2"]
[WhiteElo "2285"]
[BlackElo "2310"]

1.c4 c6 2.e4 d5 3.exd5 cxd5 4.d4 Nf6 5.Nc3 Nc6 6.Nf3 Bg4 7.cxd5 Nxd5 8.Qb3 Bxf3
9.gxf3 e6 10.Qxb7 Nxd4 11.Bb5+ Nxb5 12.Qc6+ Ke7 13.Qxb5 Qd7 14.Nxd5+ Qxd5
15.Bg5+ f6 16.Qxd5 exd5 17.Be3 Ke6 18.O-O-O Rc8+ 19.Kb1 Bc5 20.Rhe1 Bxe3
21.Rxe3+ Kd6 22.Ra3 Rhe8  1/2-1/2

[Event "Berlin-ch"]
[Site "Berlin"]
[Date "1987.??.??"]
[Round "?"]
[White "Reichenbach, Werner"]
[Black "Muse, Mladen"]
[Result "0-1"]
[WhiteElo "2295"]
[BlackElo "2405"]

1.c4 c6 2.e4 e5 3.Nf3 d6 4.d4 Nf6 5.Nc3 Qc7 6.Be2 Be7 7.O-O O-O 8.h3 Nbd7
9.Re1 a6 10.Be3 b5 11.a3 exd4 12.Bxd4 Ne5 13.cxb5 axb5 14.Qc2 Qb8 15.Be3 Nxf3+
16.Bxf3 Nd7 17.Bg4 Ne5 18.Bxc8 Rxc8 19.Rad1 Bf6 20.Qb3 Re8 21.f3 Nc4 22.Bf2 Be5
23.Re2 Re6 24.Na2 Rg6 25.Nb4 Qc8 26.Kf1 Qe6 27.Qa2 Bxb2 28.Rxb2 Rxa3 29.Qb1 Nxb2
30.Qxb2 Qc4+ 31.Kg1 Rxf3 32.Qa2 Qxa2 33.Nxa2 h6 34.Rc1 Ra3 35.Nb4 c5 36.Nd5 Re6
37.Nc7 Rxe4 38.Nxb5 Rd3 39.Kh2 Rb4 40.Nc7 Rb7  0-1

[Event "Camaguey-A"]
[Site "Camaguey"]
[Date "1987.??.??"]
[Round "?"]
[White "Verduga, Denis Homero"]
[Black "Vilela, Jose Luis"]
[Result "1-0"]
[WhiteElo "2435"]
[BlackElo "2400"]

1.c4 c6 2.d4 d5 3.cxd5 cxd5 4.Nc3 Nf6 5.Nf3 Nc6 6.Bf4 Bf5 7.e3 e6 8.Ne5 Nxe5
9.Bxe5 a6 10.Be2 Nd7 11.Bg3 Be7 12.O-O O-O 13.Rc1 Rc8 14.Bd3 Bxd3 15.Qxd3 Qa5
16.e4 dxe4 17.Qxe4 Qb4 18.Qe2 Nb6 19.d5 Nxd5 20.Nxd5 exd5 21.Rcd1 Rfd8 22.a3 Qe4
23.Qh5 Bf6 24.Rfe1 Qc2 25.Rxd5 Qxb2 26.Rxd8+ Rxd8 27.Bc7 g6 28.Qf3 Rc8 29.Bf4 h5
30.h3 Kg7 31.Qd5 Rd8 32.Qf3 Qd4 33.Kh2 Rd7 34.Re4 Qd3 35.Re3 Qd4 36.g4 Qd5
37.Re4 Qd3 38.Re3 Qd5 39.Re4 Qd3 40.Re3 Qd1 41.Bh6+ Kxh6 42.Qxf6 Rd8 43.g5+ Kh7
44.Qxf7+ Kh8 45.Qf6+ Kg8 46.Qxg6+ Kh8 47.Re6  1-0

[Event "Debrecen"]
[Site "Debrecen"]
[Date "1987.??.??"]
[Round "7"]
[White "Pribyl, Josef"]
[Black "Horvath, Csaba"]
[Result "1/2-1/2"]
[WhiteElo "2455"]
[BlackElo "2425"]

1.c4 c6 2.e4 d5 3.exd5 cxd5 4.cxd5 Qxd5 5.Nc3 Qd6 6.d4 Nf6 7.Bc4 e6 8.Nf3 Be7
9.O-O O-O 10.Nb5 Qd8 11.Bf4 Nc6 12.Bc7 Qd7 13.Ne5  1/2-1/2